| 000 | 00974nam a2200289Ia 4500 | ||
|---|---|---|---|
| 001 | Para_822 | ||
| 003 | CHAP | ||
| 008 | 220125s1994 xx 000 0 und d | ||
| 010 | _a198720 | ||
| 040 | _cCHAP | ||
| 090 | _aPA TESIS 794 | ||
| 100 |
_aChavez Alfaro, J. Jesús _922657 |
||
| 245 |
_aControl integrado de la marchitez del chile (Capsicum annuum L.) ocasionada por el hongo Phytophthora capsici L. en la región de Valsequillo, Pue. / _c por J. Jesús Chavez Alfaro |
||
| 260 |
_aMontecillo, Méx. : _b El autor |
||
| 300 | _a81 h. | ||
| 502 | _aTesis (M.C. Esp. en Fitopatología) CP Centro de Fitopatología | ||
| 650 |
_aChile _x enfermedades por hongos _9164015 |
||
| 650 |
_aMarchitez del chile _971282 |
||
| 710 |
_aCP Centro de Fitopatología _9164014 |
||
| 901 | _aPA TESIS 794 | ||
| 902 | _aA | ||
| 905 | _a0000001994 0000000000 00 | ||
| 910 | _a1994 | ||
| 942 | _cPARA | ||
| 942 |
_cPARA _d1 |
||
| 999 |
_c198720 _d198720 |
||